[Event "Krakow op-A 34th"]
[Site "Krakow"]
[Date "2024.01.02"]
[Round "6"]
[White "Gierulski, Kamil"]
[Black "Janzelj, Tim"]
[Result "1-0"]
[WhiteElo "2223"]
[BlackElo "2441"]
[PlyCount "77"]
[EventDate "2023.12.27"]
[EventType "swiss"]
[EventRounds "9"]
[EventCountry "POL"]
[SourceTitle "CB02_2024"]
[SourceDate "2024.01.10"]
[SourceVersion "1"]
[SourceVersionDate "2024.01.10"]
[SourceQuality "1"]

1. e4 c6 2. d4 d5 3. e5 Bf5 4. Nf3 e6 5. Be2 Ne7 6. c3 h6 7. Nbd2 Nd7 8. b4 g5 9. 0-0 Ng6 10. Nb3 f6 11. Ne1 Nf4 12. Bxf4 gxf4 13. Bd3 Qe7 14. Bxf5 exf5 15. Qh5+ Qf7 16. Qe2 fxe5 17. dxe5 Qg7 18. Nd4 0-0-0 19. e6 Ne5 20. Nxf5 Qf6 21. e7 Bxe7 22. Nxe7+ Kb8 23. Nf3 Nxf3+ 24. Qxf3 Qxe7 25. Qxf4+ Ka8 26. Rae1 Qg7 27. Re5 h5 28. h4 Rhg8 29. g3 Rdf8 30. Qd4 Qd7 31. Rfe1 Qf7 32. Qe3 a6 33. a4 Rg4 34. Re2 d4 35. cxd4 Qc4 36. b5 Rxd4 37. b6 Qxa4 38. Re8+ Rd8 39. Rxf8 1-0

[Event "Krakow op-A 34th"]
[Site "Krakow"]
[Date "2023.12.27"]
[Round "1"]
[White "Soffer, Ram"]
[Black "Gierulski, Kamil"]
[Result "1-0"]
[WhiteElo "2444"]
[BlackElo "2223"]
[PlyCount "105"]
[EventDate "2023.12.27"]
[EventType "swiss"]
[EventRounds "9"]
[EventCountry "POL"]
[SourceTitle "CB02_2024"]
[SourceDate "2024.01.10"]
[SourceVersion "1"]
[SourceVersionDate "2024.01.10"]
[SourceQuality "1"]

1. c4 e6 2. Nf3 d5 3. g3 dxc4 4. Bg2 Nd7 5. 0-0 a6 6. Qc2 Ngf6 7. a4 Be7 8. Na3 0-0 9. Nxc4 c5 10. a5 Nd5 11. d4 b5 12. axb6 Bb7 13. dxc5 Rc8 14. e4 Rxc5 15. exd5 exd5 16. Nfd2 Nxb6 17. b3 Rc7 18. Rd1 Nd7 19. Qf5 dxc4 20. Bxb7 Rxb7 21. Nxc4 g6 22. Qf3 Qc8 23. Bh6 Re8 24. Rxa6 Nc5 25. Nd6 Bxd6 26. Raxd6 Ne4 27. R6d4 f5 28. Rc4 Qe6 29. h4 Reb8 30. Rd3 Nd6 31. Rc6 Qe1+ 32. Kg2 Ne4 33. h5 Rb6 34. Rxb6 Rxb6 35. Qf4 Rb7 36. Re3 Qb4 37. Qe5 Kf7 38. Qd5+ Kf6 39. Qd8+ Kf7 40. Qd5+ Kf6 41. Bf8 Qb5 42. Qd4+ Qe5 43. Qd8+ Kf7 44. hxg6+ Kxg6 45. Ba3 Qe6 46. f3 Rxb3 47. Rxb3 Qxb3 48. Qe8+ Kg5 49. Qe7+ Nf6 50. Qg7+ Kh5 51. Qxf6 Qxa3 52. Qxf5+ Kh6 53. Qf6+ 1-0

[Event "POL-chT 2nd League"]
[Site "Jastrzebia Gora"]
[Date "2023.09.08"]
[Round "7.121"]
[White "Gierulski, Kamil"]
[Black "Mrozowski, Patryk"]
[Result "1-0"]
[WhiteElo "2256"]
[BlackElo "2118"]
[PlyCount "65"]
[EventDate "2023.09.02"]
[EventType "team-swiss"]
[EventRounds "9"]
[EventCountry "POL"]
[SourceTitle "EXT 2024"]
[Source "ChessBase"]
[SourceDate "2023.10.10"]
[SourceVersion "1"]
[SourceVersionDate "2023.10.10"]
[SourceQuality "1"]
[WhiteTeam "Rzeszow RzKSz"]
[BlackTeam "Torun UMK"]
[WhiteTeamCountry "POL"]
[BlackTeamCountry "POL"]

1. Nf3 Nf6 2. c4 d5 3. cxd5 Nxd5 4. g3 c5 5. Bg2 Nc6 6. Nc3 e6 7. 0-0 Be7 8. d4 0-0 9. Nxd5 Qxd5 10. Be3 Qh5 11. dxc5 e5 12. Qa4 f5 13. b4 f4 14. gxf4 exf4 15. Bd2 Bf6 16. Bc3 Be6 17. Rac1 g5 18. b5 Ne7 19. Nd4 Bd5 20. Bxd5+ Nxd5 21. Qc4 Qf7 22. Nf5 Qe6 23. Bxf6 Qxf5 24. Rfd1 Rf7 25. Rxd5 Qxf6 26. c6 bxc6 27. bxc6 Rc8 28. Rd7 Kg7 29. Rxf7+ Qxf7 30. Qd4+ Kg6 31. c7 Qe6 32. Qd3+ Kh5 33. Qxh7+ 1-0

[Event "POL-chT 2nd League"]
[Site "Jastrzebia Gora"]
[Date "2023.09.07"]
[Round "6.103"]
[White "Markiewicz, Jerzy"]
[Black "Gierulski, Kamil"]
[Result "0-1"]
[WhiteElo "2159"]
[BlackElo "2256"]
[PlyCount "66"]
[EventDate "2023.09.02"]
[EventType "team-swiss"]
[EventRounds "9"]
[EventCountry "POL"]
[SourceTitle "EXT 2024"]
[Source "ChessBase"]
[SourceDate "2023.10.10"]
[SourceVersion "1"]
[SourceVersionDate "2023.10.10"]
[SourceQuality "1"]
[WhiteTeam "Pilzno GKSz Hetman"]
[BlackTeam "Rzeszow RzKSz"]
[WhiteTeamCountry "POL"]
[BlackTeamCountry "POL"]

1. e4 e5 2. Nf3 Nc6 3. Bb5 a6 4. Ba4 g6 5. 0-0 Bg7 6. c3 Nge7 7. d4 exd4 8. cxd4 b5 9. Bb3 d6 10. d5 Na5 11. Bd2 Nxb3 12. Qxb3 c5 13. Bc3 f6 14. a3 0-0 15. Qc2 Qc7 16. Nbd2 a5 17. b3 a4 18. Rfc1 axb3 19. Qxb3 Bd7 20. Qb2 Ra4 21. h3 Nc8 22. g4 Qd8 23. g5 Bxh3 24. Qxb5 Ra7 25. gxf6 Bxf6 26. e5 Bg5 27. Qd3 Rf4 28. Ne4 Rg4+ 29. Kh2 Bg2 30. Nexg5 Qf8 31. Nh3 Rf7 32. Nfg1 Rxf2 33. Nxf2 Qf4+ 0-1

[Event "POL-chT 2nd League"]
[Site "Jastrzebia Gora"]
[Date "2022.09.07"]
[Round "5.127"]
[White "Dzhuguryan, Tygran"]
[Black "Gierulski, Kamil"]
[Result "1/2-1/2"]
[WhiteElo "2177"]
[BlackElo "2247"]
[PlyCount "65"]
[EventDate "2022.09.03"]
[EventType "team-swiss"]
[EventRounds "9"]
[EventCountry "POL"]
[SourceTitle "CBM 210 Extra"]
[Source "ChessBase"]
[SourceDate "2022.11.30"]
[SourceVersion "1"]
[SourceVersionDate "2022.11.30"]
[SourceQuality "1"]
[WhiteTeam "Choszczno Skoczek"]
[BlackTeam "Rzeszow RzKSz"]
[WhiteTeamCountry "POL"]
[BlackTeamCountry "POL"]

1. d4 d5 2. Nf3 Nf6 3. c4 e6 4. cxd5 exd5 5. Nc3 Bb4 6. Qa4+ Nc6 7. Bf4 0-0 8. a3 Bxc3+ 9. bxc3 Ne4 10. Rc1 Re8 11. h3 Qf6 12. Be5 Qh6 13. e3 f6 14. Qb5 Kh8 15. Bf4 Qxf4 16. exf4 Nxc3+ 17. Kd2 Nxb5 18. Bxb5 Bd7 19. Rc5 a6 20. Ba4 Nxd4 21. Nxd4 Bxa4 22. Rxc7 Re4 23. Kc3 h5 24. Rb1 b5 25. f5 Rae8 26. Kd3 R8e7 27. Rbc1 Kh7 28. Ne6 Rxc7 29. Rxc7 Kh6 30. Rc8 Kh7 31. Nf8+ Kh6 32. Ne6 Kh7 33. Nf8+ 1/2-1/2

[Event "POL-chT 2nd League"]
[Site "Jastrzebia Gora"]
[Date "2022.09.05"]
[Round "3.114"]
[White "Gierulski, Kamil"]
[Black "Nowak, Kamil"]
[Result "1/2-1/2"]
[WhiteElo "2247"]
[BlackElo "2275"]
[PlyCount "77"]
[EventDate "2022.09.03"]
[EventType "team-swiss"]
[EventRounds "9"]
[EventCountry "POL"]
[SourceTitle "CBM 210 Extra"]
[Source "ChessBase"]
[SourceDate "2022.11.30"]
[SourceVersion "1"]
[SourceVersionDate "2022.11.30"]
[SourceQuality "1"]
[WhiteTeam "Rzeszow RzKSz"]
[BlackTeam "Zarow Goniec"]
[WhiteTeamCountry "POL"]
[BlackTeamCountry "POL"]

1. d4 d5 2. Nf3 Nf6 3. g3 c6 4. Bg2 Bg4 5. h3 Bh5 6. c4 e6 7. 0-0 Nbd7 8. cxd5 exd5 9. Qb3 Qb6 10. Qe3+ Be7 11. Nh4 Bg6 12. Nxg6 hxg6 13. Nc3 Qd8 14. Qd3 0-0 15. h4 Re8 16. Bf3 Nb6 17. Kg2 Nc8 18. Rh1 Nd6 19. h5 gxh5 20. Bxh5 Nxh5 21. Rxh5 g6 22. Rh3 Bf6 23. g4 Ne4 24. f3 Nd6 25. Bf4 Qe7 26. Rah1 Nc4 27. b3 Nb6 28. e4 dxe4 29. Nxe4 Nd5 30. Bg5 Qe6 31. Bxf6 Nxf6 32. Qd2 Nxe4 33. Rh8+ Kg7 34. R1h7+ Kf6 35. Qf4+ Ke7 36. Qc7+ Kf6 37. Qf4+ Ke7 38. Qc7+ Kf6 39. Qf4+ 1/2-1/2

[Event "Subcarpathian-chT"]
[Site "Bystre"]
[Date "2021.06.13"]
[Round "8.19"]
[White "Gierulski, Kamil"]
[Black "Piekarski, Lukasz"]
[Result "1-0"]
[WhiteElo "2284"]
[BlackElo "1873"]
[PlyCount "52"]
[EventDate "2021.06.09"]
[EventType "team-tourn"]
[EventRounds "9"]
[EventCountry "POL"]
[SourceTitle "EXT 2022"]
[Source "ChessBase"]
[SourceDate "2021.10.06"]
[SourceVersion "1"]
[SourceVersionDate "2021.10.06"]
[SourceQuality "1"]

1. e4 d6 2. d4 Nf6 3. Nc3 g6 4. Be3 Bg7 5. Qd2 c6 6. Nf3 b5 7. Bd3 0-0 8. Bh6 Qb6 9. h4 e5 10. Bxg7 Kxg7 11. dxe5 dxe5 12. Nxe5 b4 13. Ne2 Qc5 14. f4 Rd8 15. Ng3 Ba6 16. Qe2 Bxd3 17. Nxd3 Qd4 18. 0-0-0 Qc4 19. Kb1 Na6 20. h5 Nc7 21. f5 Nb5 22. hxg6 Nc3+ 23. bxc3 bxc3 24. Ka1 Rd4 25. Nh5+ Kf8 26. gxh7 Nxh7 1-0

[Event "Subcarpathian-chT"]
[Site "Bystre"]
[Date "2021.06.11"]
[Round "5.1"]
[White "Gierulski, Kamil"]
[Black "Mikula, Michal"]
[Result "1-0"]
[WhiteElo "2284"]
[BlackElo "1888"]
[PlyCount "87"]
[EventDate "2021.06.09"]
[EventType "team-tourn"]
[EventRounds "9"]
[EventCountry "POL"]
[SourceTitle "EXT 2022"]
[Source "ChessBase"]
[SourceDate "2021.10.06"]
[SourceVersion "1"]
[SourceVersionDate "2021.10.06"]
[SourceQuality "1"]

1. e4 c5 2. Nf3 g6 3. c3 d6 4. d4 cxd4 5. cxd4 Bg7 6. Nc3 Nc6 7. h3 a6 8. Be3 Qa5 9. Qd2 Nf6 10. d5 Ne5 11. Nxe5 dxe5 12. Be2 0-0 13. 0-0 b5 14. a3 Ne8 15. b4 Qd8 16. a4 bxa4 17. Rxa4 Rb8 18. Ba7 Bd7 19. Bxb8 Bxa4 20. Ba7 Qd7 21. Bc5 Bb5 22. Nxb5 axb5 23. Ra1 Nd6 24. f3 f5 25. Ra7 Qd8 26. Bd3 fxe4 27. fxe4 Qe8 28. Kh2 Rf4 29. Qa2 Bf8 30. Be3 Qf7 31. Bxf4 Qxf4+ 32. g3 Qe3 33. Ra3 Qd4 34. Qe2 Qxb4 35. Ra8 Qc5 36. h4 b4 37. Qf1 Nf7 38. Bc4 Qd6 39. Ra6 Qd7 40. d6 e6 41. Qf6 Nd8 42. Ra8 Qf7 43. Qxd8 Kg7 44. Qc7 1-0

[Event "POL-chT 2nd League"]
[Site "Jastrzebia Gora"]
[Date "2019.09.13"]
[Round "7.22"]
[White "Gierulski, Kamil"]
[Black "Brylowski, Stefan"]
[Result "1/2-1/2"]
[WhiteElo "2245"]
[BlackElo "1960"]
[PlyCount "71"]
[EventDate "2019.09.07"]
[EventType "team-swiss"]
[EventRounds "9"]
[EventCountry "POL"]
[SourceTitle "EXT 2020"]
[Source "ChessBase"]
[SourceDate "2019.10.17"]
[SourceVersion "1"]
[SourceVersionDate "2019.10.17"]
[SourceQuality "1"]
[WhiteTeam "Rzeszow RzKSz"]
[BlackTeam "Lipusz WDA"]
[WhiteTeamCountry "POL"]
[BlackTeamCountry "POL"]

1. d4 Nf6 2. Bg5 e6 3. Nd2 d5 4. e3 c5 5. c3 Bd6 6. Ngf3 h6 7. Bh4 0-0 8. Ne5 Nbd7 9. f4 Qc7 10. Bd3 b6 11. g4 Bb7 12. Qf3 cxd4 13. cxd4 Bb4 14. Nxd7 Bxd2+ 15. Kxd2 Ne4+ 16. Bxe4 dxe4 17. Nf6+ gxf6 18. Qe2 Rfc8 19. Rac1 Qd6 20. a3 e5 21. fxe5 fxe5 22. Bg3 Qd5 23. Bxe5 Qb3 24. d5 Bxd5 25. Rxc8+ Rxc8 26. Rc1 Bc4 27. Qf2 Qd3+ 28. Ke1 Rd8 29. Bc3 Rd6 30. h3 a5 31. Be5 Rd5 32. Bc3 Rd6 33. h4 b5 34. Be5 Rd5 35. Bc3 Rd6 36. Be5 1/2-1/2

[Event "POL-chT 2nd League"]
[Site "Jastrzebia Gora"]
[Date "2019.09.12"]
[Round "6.21"]
[White "Gierulski, Kamil"]
[Black "Bednarczyk, Damian"]
[Result "1-0"]
[WhiteElo "2245"]
[BlackElo "2216"]
[PlyCount "73"]
[EventDate "2019.09.07"]
[EventType "team-swiss"]
[EventRounds "9"]
[EventCountry "POL"]
[SourceTitle "EXT 2020"]
[Source "ChessBase"]
[SourceDate "2019.10.17"]
[SourceVersion "1"]
[SourceVersionDate "2019.10.17"]
[SourceQuality "1"]
[WhiteTeam "Rzeszow RzKSz"]
[BlackTeam "Staniatki Goniec"]
[WhiteTeamCountry "POL"]
[BlackTeamCountry "POL"]

1. d4 Nf6 2. Bg5 d5 3. e3 e6 4. Nd2 Be7 5. Bd3 c5 6. c3 Nc6 7. Ngf3 b6 8. 0-0 Bb7 9. Qe2 h6 10. Bh4 0-0 11. Rad1 Re8 12. Ne5 Nxe5 13. dxe5 Nd7 14. Bg3 Bf8 15. e4 Qc8 16. exd5 exd5 17. Bf5 Qc6 18. f4 Rad8 19. Qg4 Bc8 20. Bh4 Be7 21. e6 Nf8 22. exf7+ Kxf7 23. Nf3 Kg8 24. Ne5 Qd6 25. Bxc8 Bxh4 26. Bb7 Bf6 27. Bxd5+ Qxd5 28. Rxd5 Rxd5 29. Qe2 Red8 30. Qc4 Bxe5 31. fxe5 Ne6 32. Re1 Kf7 33. b4 cxb4 34. cxb4 Rd4 35. Qc6 Ke7 36. Rf1 Rxb4 37. Qb7+ 1-0

[Event "POL-chT 2nd League"]
[Site "Jastrzebia Gora"]
[Date "2019.09.08"]
[Round "2.12"]
[White "Gierulski, Kamil"]
[Black "Stachowiak, Kamil"]
[Result "1/2-1/2"]
[WhiteElo "2245"]
[BlackElo "2444"]
[PlyCount "95"]
[EventDate "2019.09.07"]
[EventType "team-swiss"]
[EventRounds "9"]
[EventCountry "POL"]
[SourceTitle "EXT 2020"]
[Source "ChessBase"]
[SourceDate "2019.10.17"]
[SourceVersion "1"]
[SourceVersionDate "2019.10.17"]
[SourceQuality "1"]
[WhiteTeam "Rzeszow RzKSz"]
[BlackTeam "Wroclaw Polonia"]
[WhiteTeamCountry "POL"]
[BlackTeamCountry "POL"]

1. d4 Nf6 2. Bg5 e6 3. e4 h6 4. Bxf6 Qxf6 5. Nf3 g6 6. c3 Bg7 7. Bd3 d6 8. a4 0-0 9. a5 e5 10. d5 Qe7 11. Nbd2 f5 12. h4 Nd7 13. h5 g5 14. exf5 Nc5 15. Ne4 Nxe4 16. Bxe4 Bxf5 17. Nd2 Bxe4 18. Nxe4 Rf4 19. Qd3 Raf8 20. Rd1 Qd7 21. g3 Rf3 22. Qe2 R8f7 23. b4 Bf8 24. Rd3 R3f5 25. 0-0 Be7 26. c4 Rf8 27. Rc3 R5f7 28. Rd1 g4 29. Kg2 Qf5 30. Rh1 c6 31. Rd3 Qf3+ 32. Qxf3 gxf3+ 33. Kh3 Rc8 34. dxc6 Rxc6 35. Rc1 a6 36. Kg4 Rf8 37. Rcc3 Rfc8 38. Nd2 d5 39. Rxd5 Bxb4 40. Rxf3 Bxd2 41. Rxd2 Rxc4+ 42. Kh3 Rc1 43. Rd7 R8c7 44. Rff7 Rxd7 45. Rxd7 Rc2 46. f3 Rc5 47. Rxb7 e4 48. fxe4 1/2-1/2

[Event "Krakow op-A 28th"]
[Site "Krakow"]
[Date "2018.01.02"]
[Round "7"]
[White "Molenda, Marcin"]
[Black "Gierulski, Kamil"]
[Result "0-1"]
[WhiteElo "2388"]
[BlackElo "2199"]
[PlyCount "80"]
[EventDate "2017.12.27"]
[EventType "swiss"]
[EventRounds "9"]
[EventCountry "POL"]
[SourceTitle "CBM 182 Extra"]
[Source "ChessBase"]
[SourceDate "2018.02.23"]
[SourceVersion "1"]
[SourceVersionDate "2018.02.23"]
[SourceQuality "1"]

1. d4 Nf6 2. c4 e6 3. Nc3 Bb4 4. f3 c5 5. a3 Bxc3+ 6. bxc3 Nc6 7. e3 d6 8. Bd3 0-0 9. Ne2 b6 10. e4 Ne8 11. Be3 Ba6 12. Ng3 Rc8 13. Qe2 cxd4 14. cxd4 e5 15. d5 Na5 16. Rc1 Qd7 17. c5 Bxd3 18. c6 Bxe2 19. cxd7 Rxc1+ 20. Kxe2 Rc2+ 21. Kd3 Nf6 22. Kxc2 g6 23. Kd3 Nxd7 24. Rc1 Nc5+ 25. Bxc5 dxc5 26. Nf1 Nb3 27. Rc3 b5 28. Ne3 c4+ 29. Nxc4 bxc4+ 30. Rxc4 Kg7 31. Rc7 Ra8 32. Kc4 Nc1 33. f4 exf4 34. e5 Kf8 35. d6 Ne2 36. Kd5 f3 37. d7 Rd8 38. gxf3 Ke7 39. Kc6 Nd4+ 40. Kd5 Nxf3 0-1

[Event "Krakow op-A 28th"]
[Site "Krakow"]
[Date "2017.12.29"]
[Round "3"]
[White "Efremov, Vladislav"]
[Black "Gierulski, Kamil"]
[Result "0-1"]
[WhiteElo "1995"]
[BlackElo "2199"]
[PlyCount "68"]
[EventDate "2017.12.27"]
[EventType "swiss"]
[EventRounds "9"]
[EventCountry "POL"]
[SourceTitle "CBM 182 Extra"]
[Source "ChessBase"]
[SourceDate "2018.02.23"]
[SourceVersion "1"]
[SourceVersionDate "2018.02.23"]
[SourceQuality "1"]

1. d4 Nf6 2. c4 e6 3. Nf3 d5 4. Bg5 dxc4 5. e4 b5 6. Nc3 Ba6 7. a4 b4 8. Nb1 Bb7 9. e5 h6 10. Bh4 g5 11. Bg3 Ne4 12. Bxc4 h5 13. h3 c5 14. Nbd2 Nxg3 15. fxg3 cxd4 16. Nb3 Nc6 17. Qd2 Bg7 18. Nc5 Bc8 19. Qe2 Qb6 20. Nd3 Na5 21. b3 Bh6 22. Nd2 Bb7 23. Qxh5 Bxg2 24. Rh2 Qb7 25. Bxe6 g4 26. Qxf7+ Qxf7 27. Bxf7+ Kxf7 28. Rxg2 gxh3 29. Rf2+ Ke7 30. Nf3 Be3 31. Rh2 Rag8 32. Nxb4 Rxg3 33. Ke2 Nxb3 34. Re1 Nc1+ 0-1

[Event "POL-chT 2nd League"]
[Site "Szklarska Poreba"]
[Date "2017.09.04"]
[Round "3.17"]
[White "Voloshin, Leonid"]
[Black "Gierulski, Kamil"]
[Result "1-0"]
[WhiteElo "2345"]
[BlackElo "2219"]
[PlyCount "59"]
[EventDate "2017.09.02"]
[EventType "team-swiss"]
[EventRounds "9"]
[EventCountry "POL"]
[SourceTitle "CBM 180 Extra"]
[Source "ChessBase"]
[SourceDate "2017.10.06"]
[SourceVersion "1"]
[SourceVersionDate "2017.10.06"]
[SourceQuality "1"]
[WhiteTeam "Skoczek Trojanski"]
[BlackTeam "Rzeszow"]
[WhiteTeamCountry "POL"]
[BlackTeamCountry "POL"]

1. d4 d5 2. c4 c6 3. e3 Nf6 4. Nc3 e6 5. Nf3 Nbd7 6. Qc2 Bd6 7. Be2 0-0 8. b3 b6 9. 0-0 Bb7 10. Bb2 Qe7 11. Rfd1 Rac8 12. e4 dxe4 13. Nxe4 Nxe4 14. Qxe4 f5 15. Qe3 Nf6 16. Ne5 c5 17. dxc5 Bxc5 18. Bd4 Rfd8 19. Bxc5 bxc5 20. f3 Qc7 21. Rxd8+ Rxd8 22. Nd3 Bc8 23. Qxc5 Qb8 24. Rd1 Bb7 25. Qe5 Qc8 26. Nc5 Re8 27. Qd6 e5 28. Nd7 Nxd7 29. Qxd7 Qc5+ 30. Kf1 1-0

[Event "POL-chT 2nd League"]
[Site "Szklarska Poreba"]
[Date "2017.09.03"]
[Round "2.17"]
[White "Gierulski, Kamil"]
[Black "Snihur, Piotr"]
[Result "0-1"]
[WhiteElo "2219"]
[BlackElo "2181"]
[PlyCount "78"]
[EventDate "2017.09.02"]
[EventType "team-swiss"]
[EventRounds "9"]
[EventCountry "POL"]
[SourceTitle "CBM 180 Extra"]
[Source "ChessBase"]
[SourceDate "2017.10.06"]
[SourceVersion "1"]
[SourceVersionDate "2017.10.06"]
[SourceQuality "1"]
[WhiteTeam "Rzeszow"]
[BlackTeam "Konin UKS Smecz"]
[WhiteTeamCountry "POL"]
[BlackTeamCountry "POL"]

1. e4 c5 2. Nf3 e6 3. b3 b6 4. Bd3 Bb7 5. 0-0 d6 6. Re1 Nf6 7. Bb2 Be7 8. Bb5+ Nbd7 9. e5 dxe5 10. Nxe5 0-0 11. Nc6 Bxc6 12. Bxc6 Rc8 13. Bb5 Nb8 14. Qf3 Qd5 15. Qxd5 Nxd5 16. a4 Rfd8 17. Na3 Nb4 18. Rad1 N8c6 19. Bf1 Rd7 20. Bb5 Rdd8 21. Bf1 Rc7 22. Bb5 Kf8 23. f4 a6 24. Bf1 Rcd7 25. d3 Nd5 26. g3 Nd4 27. Bg2 Bf6 28. Kh1 Nb4 29. Rc1 Ndxc2 30. Bxf6 Nxe1 31. Bxd8 Nexd3 32. Rc3 Rxd8 33. Bf1 Nf2+ 34. Kg1 Ne4 35. Re3 f5 36. Nc4 Rd1 37. Nxb6 Nd2 38. Kf2 Nxf1 39. Rxe6 Nxh2 0-1

[Event "Wroclaw op"]
[Site "Wroclaw"]
[Date "2017.08.13"]
[Round "6"]
[White "Gierulski, Kamil"]
[Black "Marko, Piotr"]
[Result "1-0"]
[WhiteElo "2210"]
[BlackElo "1794"]
[PlyCount "63"]
[EventDate "2017.08.10"]
[EventType "swiss"]
[EventRounds "9"]
[EventCountry "POL"]
[SourceTitle "CBM 180 Extra"]
[Source "ChessBase"]
[SourceDate "2017.10.06"]
[SourceVersion "1"]
[SourceVersionDate "2017.10.06"]
[SourceQuality "1"]

1. e4 e5 2. Nf3 Nc6 3. Bc4 Nf6 4. d3 Be7 5. 0-0 0-0 6. Re1 d6 7. a4 Na5 8. Ba2 c5 9. c3 Nc6 10. Na3 a6 11. Nc4 b5 12. Ne3 bxa4 13. Qxa4 Bd7 14. Qc2 a5 15. Nd5 Nxd5 16. Bxd5 Kh8 17. Be3 Rb8 18. Nd2 Qc7 19. Nc4 Ra8 20. f4 exf4 21. Bxf4 f5 22. Qd2 Ra7 23. exf5 Rxf5 24. Bxc6 Bxc6 25. Rxa5 Rxa5 26. Nxa5 Bh4 27. Ra1 Bd5 28. Nc4 Be7 29. Ne3 Rh5 30. Nxd5 Rxd5 31. Ra8+ Bd8 32. Bg5 1-0

[Event "Wroclaw op"]
[Site "Wroclaw"]
[Date "2017.08.12"]
[Round "5"]
[White "Jankowiak, Piotr"]
[Black "Gierulski, Kamil"]
[Result "1/2-1/2"]
[WhiteElo "1774"]
[BlackElo "2210"]
[PlyCount "52"]
[EventDate "2017.08.10"]
[EventType "swiss"]
[EventRounds "9"]
[EventCountry "POL"]
[SourceTitle "CBM 180 Extra"]
[Source "ChessBase"]
[SourceDate "2017.10.06"]
[SourceVersion "1"]
[SourceVersionDate "2017.10.06"]
[SourceQuality "1"]

1. e4 e5 2. Nc3 Nf6 3. g3 d5 4. exd5 Nxd5 5. Bg2 Nxc3 6. bxc3 Bc5 7. d3 0-0 8. Nf3 Nc6 9. 0-0 h6 10. Re1 Qf6 11. Be3 Bb6 12. Nd2 Bd7 13. Qh5 Rfe8 14. Ne4 Qf5 15. Qxf5 Bxf5 16. Nc5 Bxc5 17. Bxc5 Bd7 18. Re2 f6 19. Bd5+ Be6 20. Bxc6 bxc6 21. Ree1 a6 22. c4 g5 23. f3 Kf7 24. Rab1 Kg6 25. Rb7 Rec8 26. Reb1 h5 1/2-1/2

[Event "Wroclaw op"]
[Site "Wroclaw"]
[Date "2017.08.11"]
[Round "3"]
[White "Omelja, Artem"]
[Black "Gierulski, Kamil"]
[Result "1-0"]
[WhiteElo "2411"]
[BlackElo "2210"]
[PlyCount "90"]
[EventDate "2017.08.10"]
[EventType "swiss"]
[EventRounds "9"]
[EventCountry "POL"]
[SourceTitle "CBM 180 Extra"]
[Source "ChessBase"]
[SourceDate "2017.10.06"]
[SourceVersion "1"]
[SourceVersionDate "2017.10.06"]
[SourceQuality "1"]

1. d4 d5 2. c4 c6 3. Nf3 Nf6 4. Nc3 dxc4 5. a4 Bf5 6. Ne5 Nbd7 7. Nxc4 Nb6 8. Ne5 a5 9. h4 h6 10. f3 e6 11. e4 Bh7 12. Be3 Nfd7 13. Nd3 Be7 14. Bf2 0-0 15. Qb3 Kh8 16. Be2 Rc8 17. Nf4 c5 18. d5 c4 19. Qb5 e5 20. d6 Bxd6 21. Nfd5 Nxd5 22. Qxd5 Rc6 23. Rd1 Nf6 24. Qb5 Qc7 25. 0-0 Bc5 26. Nd5 Bxf2+ 27. Rxf2 Nxd5 28. Rxd5 c3 29. bxc3 Rxc3 30. Qxa5 b6 31. Qb4 Rc8 32. Ba6 Rc1+ 33. Kh2 Rd8 34. Rfd2 Rxd5 35. Qf8+ Bg8 36. Rxd5 Kh7 37. h5 f6 38. Rd8 Qf7 39. Qxf7 Bxf7 40. g4 Rc7 41. Rb8 Bb3 42. a5 Rc2+ 43. Kg3 Ra2 44. Bc8 Rxa5 45. Bf5+ g6 1-0

[Event "Wroclaw op"]
[Site "Wroclaw"]
[Date "2017.08.10"]
[Round "1"]
[White "Gluch, Pawel"]
[Black "Gierulski, Kamil"]
[Result "0-1"]
[WhiteElo "1530"]
[BlackElo "2210"]
[PlyCount "72"]
[EventDate "2017.08.10"]
[EventType "swiss"]
[EventRounds "9"]
[EventCountry "POL"]
[SourceTitle "CBM 180 Extra"]
[Source "ChessBase"]
[SourceDate "2017.10.06"]
[SourceVersion "1"]
[SourceVersionDate "2017.10.06"]
[SourceQuality "1"]

1. c4 e6 2. Nc3 c5 3. Nf3 Nf6 4. g3 Be7 5. Bg2 0-0 6. 0-0 Qc7 7. e4 d6 8. b3 a6 9. d4 cxd4 10. Nxd4 Nc6 11. Be3 Bd7 12. Rc1 b6 13. h3 Rfe8 14. Qd2 Rab8 15. Nd5 Qd8 16. Nxe7+ Qxe7 17. Rfd1 Red8 18. Nxc6 Bxc6 19. e5 Bxg2 20. exf6 Qb7 21. Kh2 gxf6 22. Bh6 e5 23. c5 bxc5 24. Rxc5 Qe7 25. Rc4 Bf3 26. Rdc1 Kh8 27. Qa5 Qe6 28. Qxa6 Be2 29. Qa7 Bxc4 30. Rxc4 Ra8 31. Qe3 Rxa2 32. Rg4 Rg8 33. Qb6 Rxg4 34. hxg4 Ra8 35. g5 fxg5 36. Bxg5 Kg7 0-1

[Event "POL-chT 2nd League"]
[Site "Jastrzebia Gora"]
[Date "2016.09.08"]
[Round "6.97"]
[White "Gierulski, Kamil"]
[Black "Banach, Szymon"]
[Result "1-0"]
[WhiteElo "2196"]
[BlackElo "1996"]
[PlyCount "38"]
[EventDate "2016.09.03"]
[EventType "team-swiss"]
[EventRounds "9"]
[EventCountry "POL"]
[SourceTitle "EXT 2017"]
[Source "ChessBase"]
[SourceDate "2016.10.25"]
[SourceVersion "1"]
[SourceVersionDate "2016.10.25"]
[SourceQuality "1"]
[WhiteTeam "Rzeszow"]
[BlackTeam "Gniezno LKS Chrobry II"]
[WhiteTeamCountry "POL"]
[BlackTeamCountry "POL"]

1. e4 Nf6 2. e5 Nd5 3. d4 d6 4. c4 Nb6 5. f4 g6 6. Nc3 Bg7 7. Be3 0-0 8. c5 N6d7 9. Bc4 e6 10. h4 Na6 11. Qf3 Rb8 12. h5 dxc5 13. hxg6 hxg6 14. Qh3 Re8 15. Qh7+ Kf8 16. f5 Nxe5 17. dxe5 exf5 18. Bh6 Rxe5+ 19. Nge2 Qf6 1-0

[Event "Rubinstein Memorial 52nd"]
[Site "Polanica Zdroj"]
[Date "2016.08.23"]
[Round "4"]
[White "Chomczyk, Marek"]
[Black "Gierulski, Kamil"]
[Result "0-1"]
[WhiteElo "2131"]
[BlackElo "2216"]
[PlyCount "84"]
[EventDate "2016.08.20"]
[EventType "swiss"]
[EventRounds "10"]
[EventCountry "POL"]
[SourceTitle "CBM 174 Extra"]
[Source "ChessBase"]
[SourceDate "2016.10.10"]
[SourceVersion "1"]
[SourceVersionDate "2016.10.10"]
[SourceQuality "1"]

1. e4 c5 2. Nf3 d6 3. d4 cxd4 4. Nxd4 Nf6 5. Nc3 a6 6. Be3 e5 7. Nb3 Be6 8. h3 Be7 9. Qf3 0-0 10. 0-0-0 b5 11. g4 b4 12. Nd5 Nxd5 13. exd5 Bd7 14. Bd3 a5 15. Nd2 a4 16. Nc4 Qc7 17. Nb6 Ra5 18. Qe4 f5 19. Qxb4 Ra7 20. Nxd7 Rb7 21. Qxa4 Nxd7 22. Bxf5 Nc5 23. Qc6 Qb8 24. Bxc5 dxc5 25. h4 Rxb2 26. Qe6+ Rf7 27. Qc8+ Rf8 28. Qe6+ Rf7 29. d6 Qb4 30. Qb3 Rxb3 31. axb3 Qa3+ 32. Kd2 Bxd6 33. Be6 Kf8 34. Bxf7 Kxf7 35. Ke2 Be7 36. Rd3 Qb2 37. Kd2 Ke6 38. g5 c4 39. bxc4 Bb4+ 40. Ke3 Bc5+ 41. Kd2 Bxf2 42. Ke2 Qxc2+ 0-1